000 00537nam a2200193Ia 4500
005 20250326142629.0
008 250326s9999 xx 000 0 und d
020 _a81-7024-493-5
037 _aTextbook
040 _aFMSL
_beng
_cFMSL
041 _aeng
_2eng
084 _aX8(A).44 N3
_qFMSL
100 _aGedam P
_9746337
245 0 _aIndian planning and Industrial development
_cGedam P
260 _aNew Delhi
_bNew Delhi, Ashish
_c1993
300 _a275p
942 _cTB
_hX8(A).44 N3
999 _c1295911
_d1295911